000 00450nam a2200181Ia 4500
001 21346
005 20260306172912.0
008 260306t2020||||xx |||||||||||||| ||spa||
041 _aESP
082 _a344.528
_bJ61
100 _aJo Villalobos, Daniel Luis
_eAUT
245 0 _aDelitos cometidos por funcionarios públicos
260 _c2020
300 _a449 páginas :
_c25 cm.
650 _aGEN
654 _aCDE
942 _cLIB
_dJUS
_fJUS
_2ddc
_n
999 _c21346
_d21346